000 00767nam a2200229Ia 4500
003 OSt
005 20220923225419.0
006 a|||||r|||| 00| 0
007 ta
008 220922b |||||||| |||| 00| 0 san d
024 _a266,972
037 _cTextual
040 _aARTS
_cARTS
_bsan
041 _2san
_asan
082 _aR65,6:g, 15M2
100 _aस्वामिनाथन्, सी0 आर0
245 0 _aगीता भाष्य विवेचनम्
246 _aGītā bhāṣhya vivechanam
260 _aलखनऊ
_b अखिल भारतीय संस्कृत परिषद्
_c1982
942 _hR65,6:g, 15M2
_cTEXL
_2CC
999 _c378103
_d378103